000 00640nam a2200217 a 4500
001 BRCA_7129
005 20190320205725.0
008 100112s1924----nyuab#####---#000-0#eng-#
041 _aeng
044 _anyu
050 4 _aF2223
_b.P43 1924
100 1 _aPeck, Annie Smith
_d1850-1935
_917710
245 1 0 _aThe South America tour
_ba descriptive guide
_cby Annie S. Peck; photos by the autor.
260 _aNueva York
_bG. H. Doran
_cc1924
300 _ax, 379 p.
_bil., mapas
_c20cm.
500 _aP9
504 _aBiblipografìa: p. 361-370
651 4 _aAmerica del Sur
_xDescripciòn y viajes
_98178
902 _aGFM
942 _2lcc
_cB
999 _c6810
_d6810